MARC

LEADER 00000nam0a2200000 4500
001 317497
005 20231102003000.0
035 |a (RuTPU)RU\TPU\book\342965 
090 |a 317497 
100 |a 20160409d1917 km y0engy50 ba 
101 0 |a eng 
102 |a US 
105 |a y z 001zy 
200 1 |a Catalogue of the State College of Washington 1917  |e published every year in june 
210 |a Olympia  |c Frank M. Lamborn, Pablic Pinter  |d 1917 
215 |a 448 p 
225 1 |a Quarterly Bulletin of State College  |i Catalogue Namber  |v Vol. X., June 1917 № 1 
317 |5 63413507: 57//153  |a Дар Н. С. Пенна. 4.Х.1917 г. 
320 |a Index: p. 443-448 
606 1 |a Высшее образование  |x В отдельных зарубежных странах  |2 stltpush  |3 (RuTPU)RU\TPU\subj\3995  |9 32315 
610 1 |a каталоги 
610 1 |a календари 
610 1 |a события 
610 1 |a администрация 
610 1 |a управление 
610 1 |a профессорско-преподавательский состав 
610 1 |a факультеты 
610 1 |a структура 
610 1 |a экспериментальные станции 
610 1 |a персонал 
610 1 |a подразделения 
610 1 |a требования 
610 1 |a сессии 
610 1 |a лекции 
610 1 |a расписание 
610 1 |a аспирантура 
610 1 |a ученые степени 
610 1 |a премии 
610 1 |a награды 
610 1 |a студенческие организации 
610 1 |a оплата 
610 1 |a степендии 
610 1 |a публикации 
610 1 |a выпускники 
610 1 |a английский язык 
686 |a Ч484(4/8)  |v LBC/SL-A  |2 rubbk 
801 1 |a RU  |b 63413507  |c 20160409 
801 2 |a RU  |b 63413507  |c 20200630  |g RCR 
942 |c BK